Вып. 21; Исследования по теории пластин и оболочек

Bibliografiset tiedot
Parent link:Исследования по теории пластин и оболочек: сборник статей/ Казанский государственный университет (КГУ). Вып. 21.— , 1962-1992
Kieli:venäjä
Julkaistu: 1989
Aiheet:
Aineistotyyppi: Kirja
KOHA link:https://koha.lib.tpu.ru/cgi-bin/koha/opac-detail.pl?biblionumber=223719

MARC

LEADER 00000nam2a2200000 4500
001 223719
005 20231101230538.0
035 |a (RuTPU)RU\TPU\book\243988 
035 |a RU\TPU\book\219094 
090 |a 223719 
100 |a 20110917d1989 k y0rusy5003 ca 
101 0 |a rus 
102 |a RU 
105 |a a z 001zy 
200 0 |a Вып. 21 
210 |d 1989 
215 |a 218 с.  |c ил. 
320 |a Библиография в конце статей 
461 1 |0 (RuTPU)RU\TPU\book\219298  |t Исследования по теории пластин и оболочек  |o сборник статей  |f Казанский государственный университет (КГУ)  |v Вып. 21  |d 1962-1992 
606 1 |a Оболочки, теория  |2 stltpush  |3 (RuTPU)RU\TPU\subj\46540  |9 65666 
610 1 |a пластины 
610 1 |a теория 
610 1 |a исследования 
610 1 |a прочность 
610 1 |a устойчивость 
610 1 |a нагрузки 
675 |a 539.3  |v 3 
801 0 |a RU  |b RuMRKP  |c 19950417  |g psbo 
801 1 |a RU  |b 63413507  |c 20121016 
801 2 |a RU  |b 63413507  |c 20160707  |g RCR 
942 |c BK